South Dakota Counties by Population Quiz Stats

 Plays Quiz not verified by Sporcle

Challenge
Share
Tweet
Embed
Score 0/66 Timer 08:00
0 Plays Today
Population (2009 estimate) County % Correct
183,048Minnehaha
92.9%
100,850Pennington
90.5%
35,204Brown
76.2%
41,218Lincoln
76.2%
30,056Brookings
73.8%
26,168Codington
61.9%
21,986Yankton
61.9%
18,929Davison
52.4%
16,969Hughes
52.4%
16,266Beadle
50%
13,490Clay
47.6%
23,916Meade
47.6%
23,498Lawrence
45.2%
14,589Union
45.2%
11,994Lake
31%
7,924Custer
23.8%
1,123Harding
23.8%
10,095Todd
23.8%
7,124Hutchinson
21.4%
13,727Shannon
21.4%
6,995Bon Homme
19%
5,509Day
19%
5,754Hamlin
19%
2,658Jackson
19%
1,037Jones
19%
9,933Roberts
19%
8,237Turner
19%
2,067Buffalo
16.7%
8,984Charles Mix
16.7%
3,431Clark
16.7%
3,935Edmunds
16.7%
7,241Fall River
16.7%
7,068Grant
16.7%
Population (2009 estimate) County % Correct
1,393Hyde
16.7%
4,160Marshall
16.7%
6,375Moody
16.7%
5,275Brule
14.3%
9,577Butte
14.3%
4,203Deuel
14.3%
5,969Dewey
14.3%
4,003Gregory
14.3%
1,777Haakon
14.3%
3,238Hand
14.3%
3,553Hanson
14.3%
2,420Miner
14.3%
6,554Spink
14.3%
2,868Aurora
11.9%
2,210Faulk
11.9%
1,953Jerauld
11.9%
5,308Kingsbury
11.9%
3,891Lyman
11.9%
5,619McCook
11.9%
2,439McPherson
11.9%
2,042Mellette
11.9%
2,432Sanborn
11.9%
2,792Stanley
11.9%
1,348Sully
11.9%
5,228Walworth
11.9%
2,552Ziebach
11.9%
4,093Corson
9.5%
2,933Douglas
9.5%
1,344Campbell
7.1%
2,869Perkins
7.1%
2,053Potter
7.1%
3,348Bennett
4.8%
5,541Tripp
4.8%

You're not logged in!

Compare scores with friends on all Sporcle quizzes.
OR
Log In

You Might Also Like...

Show Comments

Extras

Top Quizzes Today


Score Distribution

Your Account Isn't Verified!

In order to create a playlist on Sporcle, you need to verify the email address you used during registration. Go to your Sporcle Settings to finish the process.

Report this User

Report this user for behavior that violates our Community Guidelines.

Details: